• 首页
  • 本馆介绍
  • 公告通知
  • 最新文献
  • 馆藏检索
  • 电子资源
  • 读者导购
  • 参考咨询
  • 我的图书馆
  • 登录
  • 详细信息显示
  • 放入我的书架
  • 预约/预借图书
  • 作者相关作品
  • 分类相关作品
  • 丛书相关作品
  • 出版社相关作品

书目信息

  • 表格格式
  • 工作单格式
  • 卡片格式
书名: Source book for linguistics
作者: W. Cowan, J. Raku?an
分册号:
分册名:
出版地: JOHN BENJAMINS PUBLISHING COMPANY ;
 
出版社: J. Benjamins
出版时间: c1987.
页数: xii, 252 p. ;
开本: 22 cm.
丛书名:
中图分类号:
科图分类号:
其他分类号: H0-44
主题词:
电子资源:
000 01213nam 2200337 a 4500
001 E0738368926
003 OCoLC
005 20070513104339.68
008 980908s1987 ne bf 001 0 eng
008 uu
010    @a98041604
020    @a0-915027-82-8.
040    @aDLC @cDLC @dOHX
041 0  @aengmul
049    @aN5LA
050 00 @aP121 @b.C62 1998
072  7 @aP @2lcco
082 00 @a410 @221
090    @a2-2000/H0-44/C874/1998//////779591
090    @aH0-44
096    @aH0-44 @v4
099    @dH0-44@ex91=2
100 1  @aCowan, William.
245 10 @aSource book for linguistics / @cW. Cowan, J. Raku?an
260    @aJOHN BENJAMINS PUBLISHING COMPANY ;@aPhiladelphia :@bJ. Benjamins,@cc1987.
300    @axii, 252 p. ;@c22 cm.
50< fo nt color ='#ff0000'>@50@13@a2rd. rev. ed.
504    @aIncludes bibliographical references (p. 245-250) and index.
650  0 @aLinguistics @xProblems, exercises, etc.
650  0 @aLinguistics @xHandbooks, manuals, etc.
700 1  @aRaku?an, Jaromira, @ejt. auth. @b00 @c20020930 @lNLC09 @h2254 @b00 @c20021020 @lNLC09 @h0552 @lNLC09 @h0032 @lNLC09 @h2028 @b00 @c20030129 @lNLC09 @h1250 @b00 @c20030210 @lNLC09 @h0824 @b00 @c20030310 @lNLC09 @h2302
    
    Source book for linguistics / / W. Cowan, J. Raku?an.-JOHN BENJAMINS PUBLISHING COMPANY ; ; Philadelphia : : J. Benjamins, , c1987.
    xii, 252 p. ; ; 22 cm.
    Includes bibliographical references (p. 245-250) and index.
    
    ISBN 0-915027-82-8.
    
●
相关链接 在E读中查询图书 在五车中查询图书 在当当中查询图书 在豆瓣中查询图书


正题名:Source book for linguistics     索取号:H0-44/x91=2         预约/预借

序号 登录号 条形码 馆藏地/架位号 状态 备注
1 0008700   300087000   第二样本阅览室/ [索取号:H0-44/x91=2] 在馆    
唐山师范学院图书馆 欢迎您!
大连网信软件有限公司© 版权所有